00449nam a2200205Ia 4500003000900000008004100009040001300050040001300063041000800076100001600084245004500100250000900145260001200154260000900166300001100175300001000186490002300196490000900219600001500228IT-RoPAU120407s9999 xx 000 0 und d aIT-RoPAU cIT-RoPAU aita aMario Forno aL’acculturazione dei popoli primitivi. aRoma aStudium c1968 a192 p. c17 cm aUniversale Studium v1108 a1. Titolo.